Szczegóły MARC21

Cooperation, clusters and knowledge transfer : universities and firms towards regional competitiveness /

003 -Nazwa inst., której nr kontr. jest w polu 001 [,]
    • @
    • Nazwa instytucji, której n kontrolny jest w polu 001
    • NUKAT
005 -DATA I CZAS OSTATNIEJ MODYFIKACJI [,]
    • @
    • pole kontrolne
    • 20241231105858.0
020 -Międzynarod. znormalizowany nr książki - ISBN [ , ]
    • a
    • Numer ISBN
    • 9783642331930 Find
020 -Międzynarod. znormalizowany nr książki - ISBN [ , ]
    • a
    • Numer ISBN
    • 9783642331947 Find
    • q
    • Dopowiedzenie
    • eBook
040 -Instytucja sporządzająca opis [ , ]
    • a
    • Instytucja, która sporządziła opis (NP)
    • POZN 004/LK
    • c
    • Instytucja, która sporządziła rekord (NP)
    • POZN 004/LKs
942 -Rodzaj dokumentu [ , ]
    • c
    • Rodzaj dokumentu
    • Książka
245 -Strefa tytułu i oznaczenia odpowiedzialności [0,0]
    • a
    • Tytuł
    • Cooperation, clusters and knowledge transfer : Find
    • b
    • Ciąg dalszy tytułu (NP)
    • universities and firms towards regional competitiveness / Find
    • c
    • Pozostałe elementy strefy tytułu i oznaczenia odpowiedzialności (NP)
    • João J. M. Ferreira [et al.], eds.
260 -Strefa adresu wydawniczego [ , ]
    • a
    • Miejsce wydania (P)
    • Berlin ;
    • a
    • Miejsce wydania (P)
    • Heidelberg :
    • b
    • Nazwa wydawcy (P)
    • Springer-Verlag,
    • c
    • Data wydania (P)
    • cop. 2013.
300 -Strefa opisu fizycznego [ , ]
    • a
    • Określenie formy książki i/lub objętość (NP)
    • XX, 263 s. :
    • b
    • Oznaczenie ilustracji (NP)
    • il. ;
    • c
    • Format (NP)
    • 25 cm.
336 -Typ zawartości [ , ]
    • a
    • Termin opisujący typ zawartości
    • Tekst
    • b
    • Kod określający zawartość
    • txt
    • 2
    • Źródło (terminu i kodu)
    • rdacontent
337 -Typ mediów [ , ]
    • a
    • Tryb odtwarzania
    • Bez urządzenia pośredniczącego
    • b
    • Kod typu mediów
    • n
    • 2
    • Źródło (terminu i kodu)
    • rdamedia
338 -Typ/rodzaj nośnika [ , ]
    • a
    • Hasło opisujące typ nośnika
    • Wolumin
    • b
    • Kod typu nośnika
    • nc
    • 2
    • Źródło (terminu i kodu)
    • rdacarrier
490 -Strefa serii i książki wielotomowej - forma nie do wyszukiwania [1, ]
    • a
    • Tytuł (P)
    • Advances in Spatial Science, Find
    • x
    • ISSN (NP)
    • 1430-9602
830 -Hasło dodatkowe serii i opisu książki wielotomowej - tytuł ujednolicony/tytuł [ ,0]
    • a
    • Tytuł ujednolicony/tytuł (NP)
    • Advances in Spatial Science
    • x
    • ISSN
    • 1430-9602
    • 9
    • KHW
    • 70572
080 -Uniwersalna Klasyfikacja Dziesiętna [ , ]
    • 2
    • Identyfikator wydania tablic
    • UDC-P058
    • 9
    • UKD
    • 3301
    • a
    • Symbol klasyfikacji
    • 339.166.5
    • b
    • Dopowiedzenie
    • Handel dobrami niematerialnymi, własnością intelektualną. Handel patentami, znakami towarowymi, prawami autorskimi. Transfer technologii. Obrót myślą techniczną.
    • 4
    • UKD2
    • 7644
    • x
    • Poddział wspólny
    • =111
    • c
    • Dopowiedzenie poddz. wspólnego
    • =Język angielski.
080 -Uniwersalna Klasyfikacja Dziesiętna [ , ]
    • 2
    • Identyfikator wydania tablic
    • UDC-P058
    • 9
    • UKD
    • 3063
    • a
    • Symbol klasyfikacji
    • 332.1
    • b
    • Dopowiedzenie
    • Gospodarka regionalna. Gospodarka terytorialna. Gospodarka terenowa. Ekonomika regionalna. Regionalny podział pracy.
    • 4
    • UKD2
    • 7644
    • x
    • Poddział wspólny
    • =111
    • c
    • Dopowiedzenie poddz. wspólnego
    • =Język angielski.
080 -Uniwersalna Klasyfikacja Dziesiętna [ , ]
    • 2
    • Identyfikator wydania tablic
    • UDC-P058
    • 9
    • UKD
    • 2190
    • a
    • Symbol klasyfikacji
    • 005.56
    • b
    • Dopowiedzenie
    • Zarządzanie. Współpraca. Współdziałanie. Współudział.
    • 4
    • UKD2
    • 7644
    • x
    • Poddział wspólny
    • =111
    • c
    • Dopowiedzenie poddz. wspólnego
    • =Język angielski.
080 -Uniwersalna Klasyfikacja Dziesiętna [ , ]
    • 2
    • Identyfikator wydania tablic
    • UDC-P058
    • 9
    • UKD
    • 1902
    • a
    • Symbol klasyfikacji
    • 001.895
    • b
    • Dopowiedzenie
    • Nowości. Innowacje.
    • 4
    • UKD2
    • 7644
    • x
    • Poddział wspólny
    • =111
    • c
    • Dopowiedzenie poddz. wspólnego
    • =Język angielski.
650 -Hasło przedmiotowe [ ,7]
    • a
    • Hasło przedmiotowe
    • Małe i średnie przedsiębiorstwa
    • x
    • Określnik rzeczowy
    • innowacje.
    • 2
    • Źródło terminu
    • kaba
    • 9
    • KHW
    • 362559
650 -Hasło przedmiotowe [ ,7]
    • a
    • Hasło przedmiotowe
    • Transfer technologii
    • x
    • Określnik rzeczowy
    • aspekt ekonomiczny.
    • 2
    • Źródło terminu
    • kaba
    • 9
    • KHW
    • 370089
650 -Hasło przedmiotowe [ ,7]
    • a
    • Hasło przedmiotowe
    • Parki technologiczne.
    • 2
    • Źródło terminu
    • kaba
    • 9
    • KHW
    • 123213
650 -Hasło przedmiotowe [ ,7]
    • a
    • Hasło przedmiotowe
    • Klastry.
    • 2
    • Źródło terminu
    • kaba
    • 9
    • KHW
    • 161999
650 -Hasło przedmiotowe [ ,7]
    • a
    • Hasło przedmiotowe
    • Regionalizacja ekonomiczna.
    • 2
    • Źródło terminu
    • kaba
    • 9
    • KHW
    • 127581
980 -Symbol UKD [ , ]
    • a
    • UKD
    • 339.166.5:332.1:005.56:001.895]=111
700 -Hasło dodatkowe - nazwa osobowa [1, ]
    • a
    • Nazwa osobowa (NP)
    • Ferreira, João J. M. Find
    • e
    • Określenie rodzaju współpracy
    • Red.
    • 9
    • KHW
    • 70571
710 -Hasło dodatkowe - nazwa ciała zbiorowego [2, ]
    • a
    • Nazwa ciała zbiorowego lub nazwa geograficzna jako pierwszy element (NP)
    • Springer-Verlag (Berlin).
    • 4
    • Kod relacji
    • pbl
    • 9
    • KHW
    • 54874
920 -ISBN [ , ]
    • a
    • ISBN
    • 978-3-642-33193-0 Find
920 -ISBN [ , ]
    • a
    • ISBN
    • 978-3-642-33194-7 Find
    • q
    • Dopowiedzenie
    • eBook
Sygnatura Numer inwentarzowy Status udost. Lokalizacja Data inwentaryzacji
 T.15112-2T2014-03-04
 TM.10707-2T2014-03-04
TM.10708TM.10708-2T2014-03-04